000
00342nam a22001577a 4500
005
20160624123508.0
008
160624b xxu||||| |||| 00| 0 eng d
041
_a
eng
082
_b
9581
100
_a
Bureau, J.R.
_9
2663
245
_a
Brand Management
260
_b
Mac Millan
300
_a
235
650
_a
Management
_9
241
942
_c
BK
999
_c
3834
_d
3833